| 000 | 00442nam a2200157 a 4500 | ||
|---|---|---|---|
| 005 | 20140412111240.0 | ||
| 008 | 010430s19uu xx 00 eng d | ||
| 020 | _a0-86178-459-6 | ||
| 050 |
_aTR(GS 513 _bS22 1987 |
||
| 100 | _aScarry, Richard | ||
| 245 |
_aBest workbooks ever! : _bfun with numbers / _cRichard Scarry. |
||
| 260 |
_aLondon : _bCathay Books Limited, _c1986. |
||
| 300 | _a32p. ; ill. | ||
| 650 | _aNumbers | ||
| 999 |
_c102698 _d102698 |
||